5HLuxD.jpg

KING HENRY VIII SENIOR AND PRIMARY SCHOOL LIBRARY OPAC

Como agua para chocolate : (Record no. 647)

000 -LEADER
fixed length control field 01013cam a2200253 a 4500
001 - CONTROL NUMBER
control field vtls001091364
003 - CONTROL NUMBER IDENTIFIER
control field OSt
005 - DATE AND TIME OF LATEST TRANSACTION
control field 20190910122906.0
008 - FIXED-LENGTH DATA ELEMENTS--GENERAL INFORMATION
fixed length control field 080528s1992 nyu j 000 1 spa d
020 ## - INTERNATIONAL STANDARD BOOK NUMBER
International Standard Book Number 9780385721233 (pbk.)
020 ## - INTERNATIONAL STANDARD BOOK NUMBER
International Standard Book Number 0385721234 (pbk.) :
035 ## - SYSTEM CONTROL NUMBER
System control number (OCoLC)ocm46786851
040 ## - CATALOGING SOURCE
Original cataloging agency LNX
Language of cataloging eng
Transcribing agency LNX
Modifying agency FWP
-- KRS
-- TEF
-- XY4
-- IEF
-- OCLCQ
-- BTCTA
-- LF8
082 ## - DEWEY DECIMAL CLASSIFICATION NUMBER
Classification number FIC ESQ
100 1# - MAIN ENTRY--PERSONAL NAME
Personal name Esquivel, Laura,
Dates associated with a name 1950-
Relator term author
245 10 - TITLE STATEMENT
Title Como agua para chocolate :
Remainder of title novela de entregas mensuales con recetas, amores y remedios caseros /
Statement of responsibility, etc. Laura Esquivel.
260 ## - PUBLICATION, DISTRIBUTION, ETC.
Place of publication, distribution, etc. New York :
Name of publisher, distributor, etc. Anchor Books,
Date of publication, distribution, etc. c1992.
300 ## - PHYSICAL DESCRIPTION
Extent 247 p. ;
Dimensions 21 cm.
500 ## - GENERAL NOTE
General note El Bestseller Nacional
520 ## - SUMMARY, ETC.
Summary, etc. A #1 bestseller in Mexico in 1990, this charming, imaginative, and just plain fun novel of family life in turn-of-the-century Mexico includes unique recipes at the beginning of each chapter for a variety of traditional dishes.
650 #0 - SUBJECT ADDED ENTRY--TOPICAL TERM
Topical term or geographic name entry element Love stories.
651 #0 - SUBJECT ADDED ENTRY--GEOGRAPHIC NAME
Geographic name Mexico
Form subdivision Fiction.
942 ## - ADDED ENTRY ELEMENTS (KOHA)
Source of classification or shelving scheme
Koha item type Books - Fiction
Holdings
Withdrawn status Lost status Source of classification or shelving scheme Damaged status Not for loan Collection code Permanent Location Current Location Shelving location Date acquired Full call number Barcode Date last seen Copy number Price effective from Koha item type Total Checkouts Date due Date last checked out
          Fiction KH8 Senior School Library KH8 Senior School Library Fiction 2019-09-10 FIC ESQ 3KHSL000101354 2024-07-16 1 2019-09-10 Books - Fiction      
          Non-Fiction KH8 Senior School Library KH8 Senior School Library Non Fiction 2019-10-14 FIC ESQ 3KHSL000101417 2024-07-16 2 2019-10-14 Books - Fiction      
          Teaching Resources KH8 Senior School Library KH8 Senior School Library Staff Office 2023-10-20 863.64 ESQ TRKHSL004197 2023-10-20   2023-10-20 Teaching Resources      
          Teaching Resources KH8 Senior School Library KH8 Senior School Library Staff Office 2023-10-20 863.64 ESQ TRKHSL004198 2026-01-23   2023-10-20 Teaching Resources 1 2026-07-03 2026-01-23
          Teaching Resources KH8 Senior School Library KH8 Senior School Library Staff Office 2023-10-20 863.64 ESQ TRKHSL004199 2023-10-20   2023-10-20 Teaching Resources      
          Teaching Resources KH8 Senior School Library KH8 Senior School Library Staff Office 2023-10-20 863.64 ESQ TRKHSL004200 2023-10-20   2023-10-20 Teaching Resources      
          Teaching Resources KH8 Senior School Library KH8 Senior School Library Staff Office 2023-10-20 863.64 ESQ TRKHSL004201 2023-10-20   2023-10-20 Teaching Resources      

Powered By KH8 IT Dept